Polska polityka - wicemarszałkowie sejmu po 1989 - Statystyki

Ogólne statystyki
  • Ten quiz został rozwiązany 182 razy
    35 od ostatniego zresetowania
  • Średni wynik to 18 z 58
Statystyki odpowiedzi
Kadencja Sejmu Przynależność polityczna Imię i nazwisko % Poprawnych
X (2023- Konfederacja Wolność i Niepodległość Krzysztof Bosak
85%
X (2023-2025) Lewica Włodzimierz Czarzasty
81%
IX (2019-2023) Lewica Włodzimierz Czarzasty
81%
X (2025- Polska 2050 Szymon Hołownia
78%
IV (2001-2005) Platforma Obywatelska Donald Tusk
67%
X (2023- Polskie Stronnictwo Ludowe Piotr Zgorzelski
67%
IX (2019-2023) Polskie Stronnictwo Ludowe Piotr Zgorzelski
67%
V (2005-2006) Samoobrona RP Andrzej Lepper
59%
IV (2001) Samoobrona RP Andrzej Lepper
59%
IX (2019-2023) Prawo i Sprawiedliwość Ryszard Terlecki
56%
VIII (2015-2019) Prawo i Sprawiedliwość Ryszard Terlecki
56%
X (2023- Platforma Obywatelska Dorota Niedziela
48%
IX (2019-2023) Platforma Obywatelska Małgorzata Kidawa-Błońska
48%
VIII (2015-2019) Platforma Obywatelska Małgorzata Kidawa-Błońska
48%
X (2023- Platforma Obywatelska Monika Wielichowska
48%
V (2005-2007) Platforma Obywatelska Bronisław Komorowski
44%
IV (2004-2005) Polskie Stronnictwo Ludowe Józef Zych
37%
II (1993-1995) Polskie Stronnictwo Ludowe Józef Zych
37%
I (1991-1993) Polskie Stronnictwo Ludowe Józef Zych
37%
VII (2011-2015) Prawo i Sprawiedliwość Marek Kuchciński
37%
VI (2010-2011) Prawo i Sprawiedliwość Marek Kuchciński
37%
VI (2007-2009) Polskie Stronnictwo Ludowe Jarosław Kalinowski
33%
V (2005-2007) Polskie Stronnictwo Ludowe Jarosław Kalinowski
33%
III (1997-2001) Sojusz Lewicy Demokratycznej Marek Borowski
33%
II (1996-1997) Sojusz Lewicy Demokratycznej Marek Borowski
33%
VII (2011-2015) Ruch Palikota Wanda Nowicka
33%
II (1995-1996) Sojusz Lewicy Demokratycznej Włodzimierz Cimoszewicz
33%
IX (2019-2023) Prawo i Sprawiedliwość Małgorzata Gosiewska
30%
VIII (2019-2019) Prawo i Sprawiedliwość Małgorzata Gosiewska
30%
VIII (2015-2019) Kukiz'15 Stanisław Tyszka
26%
VIII (2015-2018) Prawo i Sprawiedliwość Joachim Brudziński
22%
V (2005-2007) Sojusz Lewicy Demokratycznej Wojciech Olejniczak
22%
VIII (2015-2019) .Nowoczesna Barbara Dolniak
19%
VII (2011-2015) Sojusz Lewicy Demokratycznej Jerzy Wenderlich
19%
VI (2007-2011) Sojusz Lewicy Demokratycznej Jerzy Wenderlich
19%
V (2005-2006) Liga Polskich Rodzin Marek Kotlinowski
19%
VI (2007-2011) Platforma Obywatelska Stefan Niesiołowski
19%
VI (2009-2011) Polskie Stronnictwo Ludowe Ewa Kierzkowska
15%
III (1997-2001) Unia Wolności Jan Król
15%
IV (2001-2005) Socjaldemokracja Polska Tomasz Nałęcz
15%
I (1991-1993) Porozumienie Centrum Andrzej Kern
11%
VIII (2018-2019) Prawo i Sprawiedliwość Beata Mazurek
11%
VII (2011-2014) Platforma Obywatelska Cezary Grabarczyk
11%
VII (2014-2015) Platforma Obywatelska Elżbieta Radziszewska
11%
VII (2011-2015) Polskie Stronnictwo Ludowe Eugeniusz Grzeszczak
11%
IV (2001-2004) Polskie Stronnictwo Ludowe Janusz Wojciechowski
11%
VI (2007-2011) Lewica Jerzy Szmajdziński
11%
IV (2004-2005) Prawo i Sprawiedliwość Kazimierz Ujazdowski
11%
VI (2007-2010) Prawo i Sprawiedliwość Krzysztof Putra
11%
II (1993-1997) Unia Pracy Aleksander Małachowski
7%
III (1997-2001) Polskie Stronnictwo Ludowe Franciszek Stefaniuk
7%
V (2006-2007) Samoobrona RP Genowefa Wiśniowska
7%
III (1997-2001) Akcja Wyborcza Solidarność Stanisław Zając
7%
I (1991-1993) Konfederacja Polski Niepodległej Dariusz Wójcik
4%
I (1991-1993) Porozumienie Ludowe Henryk Bąk
4%
V (2006-2007) Liga Polskich Rodzin Janusz Dobrosz
4%
II (1993-1997) Unia Wolności Olga Krzyżanowska
4%
I (1991-1993) Polski Program Liberalny Jacek Kurczewski
0%
Nie znaleziono quizów pasujących do podanych kryteriów
Rozkład punktacji
Procent ludzi z każdym wynikiem
Percentyl według liczby udzielonych odpowiedzi
Twoja historia wyników
Nie rozwiązałeś tego quizu od ostatniego zresetowania